000 00227 a2200085 4500
020 _a9781616892722
100 _aBLAINE BROWNELL
245 _aHYPERNATURAL ARCHITECRES NEW RELATIONSIP NATURE
260 _bPRINCETON ARCHITECTURAL PRESS
999 _c13076
_d13076